| 000 | 00772cam a22002292 4500 | ||
|---|---|---|---|
| 001 | 0000004703 | ||
| 005 | 20151217151938.0 | ||
| 008 | 070528s xx 000 0 eng d | ||
| 020 |
_a157802404 : _cKES 5,984 |
||
| 040 |
_aKABU _cKABU |
||
| 050 | 0 |
_aQK711.2 _b.P53 |
|
| 245 | 1 | 0 |
_aPlant physiology : _bcharacteristics, breeding and genetics / _ced. by Ramdane Dris, Caterine Barry-Ryan. |
| 260 |
_aEnfield, NH : _bScience Publishers, _c2002. |
||
| 300 | _axvi, 195 p. | ||
| 650 | 0 |
_aPlant physiology _xCongresses. _@0000155415 |
|
| 700 | 1 |
_aDris, Ramdane. _@0000155416 |
|
| 700 | 1 |
_aBarry-Ryan, Caterine. _@0000155417 |
|
| 908 | _a070528 | ||
| 950 | _@1 | ||
| 999 |
_c6606 _d6606 |
||